[Event "SG Höntrop 1 - SK Germania Kupferdreh 1"]
[Site "Verbandsklasse, Gruppe 2 2017"]
[Date "2018.02.04"]
[Round "6.3"]
[White "Zagrabski, Kevin"]
[Black "Drzasga, Michael"]
[Result "1/2-1/2"]
[WhiteElo "1883"]
[BlackElo "1983"]
[Annotator "Daniel"]
[PlyCount "86"]
[EventDate "2018.??.??"]

1. d4 d5 2. Nf3 Nf6 3. Bf4 c5 4. c3 Nc6 5. e3 Qb6 6. Qb3 c4 7. Qxb6 axb6 8.
Nbd2 b5 9. a3 b4 10. cxb4 Nxb4 11. Rc1 Nc6 12. Ne5 Nxe5 13. Bxe5 b5 14. Be2 e6
15. Bf3 Nd7 16. Bf4 Be7 17. O-O $11 g5 18. Bg3 h5 19. h3 f5 20. Rfe1 Kf7 21.
Bd1 b4 22. axb4 Bxb4 23. Re2 h4 24. Bh2 Ra2 25. Nb1 Ra1 26. Rec2 Bb7 27. Na3
Rxc1 28. Rxc1 Ra8 29. Nb5 Bc6 30. Nc3 Nb6 31. Bc7 Nd7 32. Bh2 Ra7 33. Kf1 Nb6
34. Ke2 Ra8 35. Bc2 Ba4 36. Bc7 Bxc2 37. Rxc2 Nd7 38. f4 Rg8 39. fxg5 Rxg5 40.
Kf2 Bxc3 41. Rxc3 Nf6 42. Ra3 Ne4+ 43. Kg1 Rg8 1/2-1/2

[Event "SG Höntrop 1 - SK Germania Kupferdreh 1"]
[Site "Verbandsklasse, Gruppe 2 2017"]
[Date "2018.02.04"]
[Round "6.4"]
[White "Jedner, Volker"]
[Black "Wuthcke, Dieter"]
[Result "1-0"]
[WhiteElo "1832"]
[BlackElo "1831"]
[PlyCount "63"]
[EventDate "2018.??.??"]

1. d4 Nf6 2. Nf3 c5 3. d5 e6 4. dxe6 fxe6 5. Bg5 Be7 6. Nbd2 Nc6 7. e3 a6 8.
Bd3 d5 9. c4 d4 10. exd4 cxd4 11. O-O O-O 12. a3 h6 13. Bh4 e5 14. Bg3 Bd6 15.
c5 Bc7 16. Qb3+ Kh8 17. Nh4 Ne7 18. Rfe1 Qd5 19. Qxd5 Nfxd5 20. Bxe5 Bxe5 21.
Rxe5 Bd7 22. Bc4 Bc6 23. Bxd5 Bxd5 24. Rxe7 Rf6 25. Rd7 Bc6 26. Rxd4 Raf8 27.
Nhf3 Rg6 28. Kf1 Bb5+ 29. Nc4 Rgf6 30. a4 Bc6 31. Nce5 Be8 32. Nd7 1-0

[Event "SG Höntrop 1 - SK Germania Kupferdreh 1"]
[Site "Verbandsklasse, Gruppe 2 2017"]
[Date "2018.02.04"]
[Round "6.5"]
[White "Degner, Friedhelm"]
[Black "Koch, Burkhard"]
[Result "1-0"]
[WhiteElo "1765"]
[BlackElo "1755"]
[PlyCount "49"]
[EventDate "2018.??.??"]

1. e4 e6 2. d4 d5 3. exd5 exd5 4. Bf4 Nf6 5. Bd3 Bd6 6. Ne2 Bg4 7. f3 Be6 8. c3
Nh5 9. Bxd6 Qxd6 10. Qd2 Nc6 11. Na3 O-O-O 12. O-O-O g6 13. g4 Ng7 14. Qh6 Rdg8
15. Rhe1 Ne7 16. Nb5 Qb6 17. Qh4 Re8 18. Qf6 Bd7 19. Qxg7 Bxb5 20. Nf4 Bxd3 21.
Rxe7 Qa6 22. Qe5 Rxe7 23. Qxh8+ Kd7 24. Nxd3 Qxa2 25. Nc5+ 1-0

[Event "SG Höntrop 1 - SK Germania Kupferdreh 1"]
[Site "Verbandsklasse, Gruppe 2 2017"]
[Date "2018.02.04"]
[Round "6.6"]
[White "Artz, Klaus"]
[Black "Tiefenhoff, Christian"]
[Result "1/2-1/2"]
[WhiteElo "1844"]
[BlackElo "1965"]
[PlyCount "54"]
[EventDate "2018.??.??"]

1. e4 d5 2. exd5 Qxd5 3. Nc3 Qa5 4. d4 c6 5. Bd3 Nf6 6. Nge2 Bg4 7. Bd2 e6 8.
Ne4 Qd8 9. f3 Bh5 10. Nxf6+ Qxf6 11. c3 Nd7 12. Be3 Bd6 13. Qd2 Qh4+ 14. Bf2
Qe7 15. O-O O-O 16. Bg3 Bg6 17. Rfe1 Bxd3 18. Qxd3 Nb6 19. a3 Bxg3 20. hxg3 c5
21. Rad1 Rfd8 22. Qb5 cxd4 23. Rxd4 Rxd4 24. Nxd4 Rd8 25. Qh5 h6 26. Qh4 Qxh4
27. gxh4 Nc4 1/2-1/2

[Event "SG Höntrop 1 - SK Germania Kupferdreh 1"]
[Site "Verbandsklasse, Gruppe 2 2017"]
[Date "2018.02.04"]
[Round "6.7"]
[White "Bendel, Ruediger"]
[Black "Geistmeier, Frank"]
[Result "1-0"]
[WhiteElo "1926"]
[BlackElo "1738"]
[PlyCount "53"]
[EventDate "2018.??.??"]

1. e4 e6 2. d4 d5 3. exd5 exd5 4. Bd3 Bd6 5. Ne2 Ne7 6. Bf4 Nbc6 7. c3 O-O 8.
Qc2 h6 9. Nd2 Be6 10. h4 Rc8 11. b4 a6 12. a4 Nb8 13. Nb3 c6 14. Nc5 Rc7 15. f3
Bxf4 16. Nxf4 Qd6 17. Nh5 f5 18. Nxe6 Qxe6+ 19. Kf2 f4 20. Rae1 Qf7 21. Re5 Nd7
22. Bh7+ Kh8 23. Rg5 hxg5 24. hxg5 g6 25. Bxg6 Qxg6 26. Nf6+ Kg7 27. Rh7+ 1-0

[Event "SG Höntrop 1 - SK Germania Kupferdreh 1"]
[Site "Verbandsklasse, Gruppe 2 2017"]
[Date "2018.02.04"]
[Round "6.8"]
[White "Hoffmann, Gary"]
[Black "Klitscher, Roland"]
[Result "0-1"]
[WhiteElo "1574"]
[BlackElo "1636"]
[PlyCount "80"]
[EventDate "2018.??.??"]

1. d4 d5 2. c4 e6 3. Nc3 Nf6 4. Bg5 Be7 5. e3 O-O 6. Nf3 Nbd7 7. c5 c6 8. Bd3
b5 9. a3 Nh5 10. Bxe7 Qxe7 11. Ne5 Nhf6 12. Nxc6 Qe8 13. Nxb5 Nxc5 14. Ncxa7
Nxd3+ 15. Qxd3 Ba6 16. Qb3 Qb8 17. Qb4 Rxa7 18. Nxa7 Qxa7 19. f3 e5 20. Kf2 e4
21. Rac1 Rb8 22. Qd2 Bd3 23. Rc3 h6 24. Rhc1 Qb6 25. b4 Qd6 26. Kg1 Bc4 27. Kh1
Qe6 28. Qb2 Qe7 29. Qf2 Ne8 30. fxe4 Qxe4 31. Qf4 Qxf4 32. exf4 Nd6 33. g3 Nb5
34. Re3 Nxd4 35. Rxc4 dxc4 36. Re4 Rd8 37. Re1 c3 38. Rc1 c2 39. b5 Ra8 40. b6
Rxa3 0-1

[Event "SV Günnigfeld 1 - Rochade Steele/Kray 1"]
[Site "Verbandsklasse, Gruppe 2 2017"]
[Date "2018.02.04"]
[Round "6.1"]
[White "Happe, Ulrich"]
[Black "Freisen, Thomas"]
[Result "1/2-1/2"]
[WhiteElo "2105"]
[BlackElo "2000"]
[Annotator "Daniel"]
[PlyCount "183"]
[EventDate "2018.??.??"]

1. d4 Nf6 2. c4 g6 3. Nc3 d5 4. Bf4 Bg7 5. e3 c5 6. dxc5 Qa5 7. Qa4+ Qxa4 8.
Nxa4 Bd7 9. Nc3 Ne4 10. Nxd5 Na6 11. f3 Nexc5 12. Rb1 e6 13. Nc3 Rc8 14. Nge2
Nd3+ $11 15. Kd2 Nxf4 16. Nxf4 O-O 17. b4 Rfd8 18. Bd3 Be8 19. Kc2 Nb8 20. Rhd1
Nc6 21. Be2 Rxd1 22. Nxd1 Bf8 23. Nd3 Bh6 24. f4 Ne7 25. Kb3 Nf5 26. Rc1 Nd6
27. Bf3 b6 28. c5 bxc5 29. Rxc5 Bf8 30. Rxc8 Nxc8 31. Nc3 f6 32. a4 Bd6 33. Bb7
Nb6 34. a5 Nd7 35. Ne4 Bc7 36. Ndc5 Kf7 37. Nxd7 Bxd7 38. Kc4 Ke7 39. g3 Ba4
40. Nc5 Bd1 41. Kd3 g5 42. Bc8 Bg4 43. fxg5 fxg5 44. Kc4 Be2+ 45. Kd4 Kf6 46.
Bxe6 Be5+ 47. Kd5 Bf3+ 48. Kc4 Be2+ 49. Kb3 Bd1+ 50. Ka3 h5 51. Bc8 Ke7 52. Ne4
h4 53. Nxg5 hxg3 54. hxg3 Bxg3 55. Ne4 Bc7 56. Nc3 Bc2 57. Nb5 Bb8 58. Nd4 Be4
59. Bf5 Bd5 60. b5 Kd6 61. Kb4 Ke5 62. Bd7 Bd6+ 63. Kc3 Bc5 64. Bc6 Bf7 65.
Nf3+ Kd6 66. e4 Bh5 67. Nd2 Bf2 68. Nc4+ Kc5 69. Kd3 Be1 70. a6 Bf7 71. Ne3 Be6
72. Be8 Ba5 73. e5 Bc7 74. Ke4 Ba5 75. Bc6 Bd2 76. Nf5 Ba2 77. Nd6 Be6 78. Nb7+
Kb6 79. Nd8 Bh3 80. Kd5 Bb4 81. e6 Kc7 82. Nf7 Be7 83. Bd7 Bf1 84. Ke5 Bd3 85.
Nh6 Kb6 86. Ng8 Bb4 87. Kd5 Bxb5 88. Nf6 Bxa6 89. Ne8 Bb7+ 90. Kc4 Be7 91. Ng7
Be4 92. Nh5 1/2-1/2

[Event "SV Günnigfeld 1 - Rochade Steele/Kray 1"]
[Site "Verbandsklasse, Gruppe 2 2017"]
[Date "2018.02.04"]
[Round "6.2"]
[White "Kuekenbrink, Christopher"]
[Black "Landau, Christian"]
[Result "0-1"]
[WhiteElo "1897"]
[BlackElo "2040"]
[PlyCount "96"]
[EventDate "2018.??.??"]

1. Nf3 g6 2. g3 Bg7 3. Bg2 e5 4. d3 d5 5. O-O Ne7 6. c4 O-O 7. cxd5 Nxd5 8.
Nbd2 Nc6 9. a3 h6 10. Rb1 a5 11. Qc2 Nd4 12. Nxd4 exd4 13. Qc5 Be6 14. Nc4 b6
15. Qc6 Ra7 16. e4 dxe3 17. Nxe3 Ne7 18. Qb5 Qd6 19. Bd2 Rd8 20. d4 Qd7 21.
Qxd7 Rxd7 22. Bc3 Bxd4 23. Bxd4 Rxd4 24. Rfd1 c5 25. Nc2 Rxd1+ 26. Rxd1 Rd7 27.
Rxd7 Bxd7 28. Ne3 Be6 29. Kf1 Kf8 30. Ke2 Nf5 31. Nxf5 Bxf5 32. Kd2 Ke7 33. Kc3
Be6 34. f4 Kd6 35. Bf1 Kc6 36. Be2 b5 37. Bf3+ Bd5 38. Be2 b4+ 39. Kc2 c4 40.
axb4 axb4 41. h4 Kc5 42. h5 Kd4 43. Kd2 c3+ 44. bxc3+ bxc3+ 45. Kc1 Be4 46.
hxg6 fxg6 47. Bd1 Ke3 48. Bg4 Kf2 0-1

[Event "SV Günnigfeld 1 - Rochade Steele/Kray 1"]
[Site "Verbandsklasse, Gruppe 2 2017"]
[Date "2018.02.04"]
[Round "6.3"]
[White "Greger, Helmut"]
[Black "Markus, Peter"]
[Result "1/2-1/2"]
[WhiteElo "1950"]
[BlackElo "1935"]
[Annotator "Daniel"]
[PlyCount "86"]
[EventDate "2018.??.??"]

1. c4 e5 2. Nc3 Nf6 3. Nf3 Nc6 4. g3 Bb4 5. Bg2 O-O 6. O-O d6 7. d4 exd4 8.
Nxd4 Nxd4 9. Qxd4 Re8 10. e3 Qe7 11. Bd2 Qe5 12. Qxe5 dxe5 13. a3 Bxc3 14. Bxc3
c6 15. Rfd1 Bf5 16. f3 Bc2 17. Rd2 Bb3 18. Bf1 e4 19. Bxf6 gxf6 20. fxe4 Rxe4
21. Kf2 Rae8 22. Re1 Bxc4 23. Bxc4 Rxc4 24. Rd7 Rb8 25. Re2 Kf8 26. Red2 Re4
27. Rd8+ Rxd8 28. Rxd8+ Re8 29. Rd7 Re7 30. Rd8+ $11 Kg7 31. g4 Re5 32. Kf3 Rb5
33. b4 a5 34. Rd4 axb4 35. axb4 b6 36. Rc4 Kg6 37. e4 c5 38. bxc5 bxc5 39. Kf4
Ra5 40. h3 Rb5 41. Rc3 Ra5 42. Rc4 Rb5 43. Rc3 Ra5 1/2-1/2

[Event "SV Günnigfeld 1 - Rochade Steele/Kray 1"]
[Site "Verbandsklasse, Gruppe 2 2017"]
[Date "2018.02.04"]
[Round "6.4"]
[White "Radi, Guenter"]
[Black "Kirsch, Paul"]
[Result "1/2-1/2"]
[WhiteElo "1891"]
[BlackElo "1930"]
[PlyCount "63"]
[EventDate "2018.??.??"]

1. d4 Nf6 2. Nf3 g6 3. c4 Bg7 4. Nc3 d5 5. e3 O-O 6. Bd2 b6 7. Be2 Bb7 8. O-O
Nbd7 9. Rc1 c5 10. cxd5 Nxd5 11. Bc4 Nxc3 12. Bxc3 cxd4 13. Nxd4 Ne5 14. Be2
Qd5 15. Nf3 Qe6 16. Bxe5 Bxe5 17. Nxe5 Qxe5 18. Qb3 Qg5 19. f3 Rac8 20. Rxc8
Rxc8 21. Rd1 Rc7 22. Qd3 Kg7 23. Qd4+ e5 24. Qd2 h5 25. e4 Qe7 26. b4 Bc8 27.
Qb2 f6 28. a3 Be6 29. Bb5 Qf8 30. Rc1 Rxc1+ 31. Qxc1 Qd6 32. Qc3 1/2-1/2

[Event "SV Günnigfeld 1 - Rochade Steele/Kray 1"]
[Site "Verbandsklasse, Gruppe 2 2017"]
[Date "2018.02.04"]
[Round "6.5"]
[White "Ophoven, Hermann"]
[Black "Funke, Eckhard"]
[Result "0-1"]
[WhiteElo "1734"]
[BlackElo "1774"]
[PlyCount "60"]
[EventDate "2018.??.??"]

1. c4 Nf6 2. Nc3 e6 3. g3 d5 4. d4 Be7 5. Bg2 O-O 6. cxd5 exd5 7. Nf3 c6 8. O-O
Re8 9. a3 Nbd7 10. Qc2 Nf8 11. Rd1 Bd6 12. h3 h6 13. Kh2 Ng6 14. Nd2 Nh4 15.
Bf1 Bf5 16. Qb3 Qc7 17. Nf3 Nh5 18. Ne4 Rxe4 19. Nxh4 Rxh4 20. f4 Nxg3 21. Qxg3
Bxf4 22. Bxf4 Qxf4 23. e3 Qxg3+ 24. Kxg3 Re4 25. Kf2 Re7 26. h4 Rae8 27. Re1
Bg4 28. Bg2 f6 29. Bf3 Bxf3 30. Kxf3 Re4 0-1

[Event "SV Günnigfeld 1 - Rochade Steele/Kray 1"]
[Site "Verbandsklasse, Gruppe 2 2017"]
[Date "2018.02.04"]
[Round "6.6"]
[White "Bender, Markus"]
[Black "Schmitz, Juergen"]
[Result "0-1"]
[WhiteElo "1808"]
[BlackElo "1861"]
[PlyCount "130"]
[EventDate "2018.??.??"]

1. d4 f5 2. Nc3 Nf6 3. f3 d5 4. Nh3 e6 5. a3 c5 6. Bg5 Nc6 7. e3 cxd4 8. exd4
Be7 9. Qd2 O-O 10. Bb5 a6 11. Bxc6 bxc6 12. Nf2 c5 13. Be3 c4 14. O-O Rb8 15.
Rab1 Bd6 16. Bf4 Bxf4 17. Qxf4 Bd7 18. Qe5 Rb6 19. Nfd1 Qa8 20. Re1 Rfb8 21.
Re3 Qc6 22. Qf4 R6b7 23. Re5 Qb6 24. Qd2 Qa5 25. Kf2 Qc7 26. Ne2 h6 27. Qc3 g5
28. h3 Qd6 29. Ne3 Be8 30. Nd1 Nd7 31. Re3 f4 32. Re5 Nxe5 33. dxe5 Qc5+ 34.
Nd4 Bg6 35. Kf1 Kf7 36. Nf2 h5 37. b4 Qc7 38. Re1 Qd7 39. Rb1 Bf5 40. Re1 Bh7
41. Ke2 Qa4 42. Kd2 Rg8 43. Rh1 Qd7 44. Qa1 c3+ 45. Qxc3 Rc7 46. Qb3 Rgc8 47.
Nd3 Rc3 48. Qb2 Bxd3 49. cxd3 Qa7 50. Qxc3 Rxc3 51. Kxc3 Qc7+ 52. Kb3 Qxe5 53.
Kc3 Qc7+ 54. Kb3 e5 55. Ne2 Qb6 56. Rc1 Qe3 57. Rc7+ Ke8 58. Nc3 Qxd3 59. Ka4
e4 60. b5 axb5+ 61. Nxb5 e3 62. Ka5 e2 63. Nd6+ Kd8 64. Kb6 Qb3+ 65. Nb5 Qxb5+
0-1

[Event "SV Günnigfeld 1 - Rochade Steele/Kray 1"]
[Site "Verbandsklasse, Gruppe 2 2017"]
[Date "2018.02.04"]
[Round "6.7"]
[White "Borger, Alexander"]
[Black "Brinkmann, Uwe"]
[Result "1/2-1/2"]
[WhiteElo "1886"]
[BlackElo "1932"]
[PlyCount "50"]
[EventDate "2018.??.??"]

1. d4 Nf6 2. c4 e6 3. Nc3 d5 4. Bg5 Nbd7 5. e3 c6 6. Nf3 Qa5 7. Bxf6 Nxf6 8.
Nd2 Qd8 9. Bd3 g6 10. O-O Bg7 11. Rc1 O-O 12. Qe2 b6 13. Rfd1 Bb7 14. cxd5 cxd5
15. Nf3 Qe7 16. a3 Rfc8 17. Ne5 Ne8 18. f4 Nd6 19. h3 f6 20. Nf3 f5 21. Ne5 Rc7
22. Nb5 Nxb5 23. Bxb5 Bxe5 24. fxe5 Rac8 25. Qd2 Qd8 1/2-1/2

[Event "SV Günnigfeld 1 - Rochade Steele/Kray 1"]
[Site "Verbandsklasse, Gruppe 2 2017"]
[Date "2018.02.04"]
[Round "6.8"]
[White "Brandhoff, Gerd"]
[Black "Schroeder, Marcel"]
[Result "1-0"]
[WhiteElo "1804"]
[BlackElo "1500"]
[PlyCount "131"]
[EventDate "2018.??.??"]

1. e4 c5 2. Nc3 Nc6 3. Bc4 Nf6 4. a3 d6 5. d3 g6 6. Nge2 Bg7 7. O-O O-O 8. Bd2
a6 9. Ng3 b5 10. Ba2 Bb7 11. Rb1 Qd7 12. Qc1 Nd4 13. Nce2 Nxe2+ 14. Nxe2 Qc6
15. Ng3 d5 16. f3 e6 17. Bh6 Qb6 18. Kh1 Rac8 19. Bxg7 Kxg7 20. Qg5 h6 21. Qf4
Qc7 22. e5 Nd7 23. Rbe1 Kh7 24. Qe3 Qc6 25. c3 Qb6 26. Bb1 c4 27. d4 Qd8 28. f4
Kg7 29. Rf3 Rh8 30. Nf1 Qe7 31. Ng3 a5 32. f5 exf5 33. Bxf5 Rc7 34. Ref1 Qg5
35. Bxd7 Rxd7 36. Qf2 Qe7 37. Rf6 Rc7 38. Ne2 Bc8 39. Qg3 Be6 40. Nf4 Qe8 41.
h4 Rh7 42. Kg1 Re7 43. Rf3 Kg8 44. Qf2 Rg7 45. Rg3 Kh7 46. Qf3 Qd7 47. Qe2 Kg8
48. Qd2 Kh7 49. h5 Qe8 50. hxg6+ fxg6 51. Nxg6 Rxg6 52. Rgxg6 Qxg6 53. Rxg6
Kxg6 54. a4 bxa4 55. Qc2+ Kg7 56. Qxa4 Rb7 57. Qc6 Re7 58. Qb6 a4 59. Qb5 Ra7
60. Qe8 Ra6 61. Qe7+ Kg8 62. Qf6 Kh7 63. Kh2 Rb6 64. Kg3 Rxb2 65. Qxe6 a3 66.
Qe7+ 1-0

[Event "SV Horst-Emscher 2 - SF Brackel 2"]
[Site "Verbandsklasse, Gruppe 2 2017"]
[Date "2018.02.04"]
[Round "6.1"]
[White "Bree, Thomas"]
[Black "Rebentisch, Tom"]
[Result "1-0"]
[WhiteElo "2010"]
[BlackElo "1957"]
[PlyCount "53"]
[EventDate "2018.??.??"]

1. d4 d5 2. Nc3 Nf6 3. Bg5 e6 4. e4 dxe4 5. Bxf6 Qxf6 6. Nxe4 Qd8 7. Nf3 Be7 8.
Bd3 b6 9. Qe2 Bb7 10. O-O-O Nd7 11. Ne5 O-O 12. h4 Nf6 13. Ng5 c5 14. dxc5 Qc7
15. Nd7 g6 16. Nxf8 Bxf8 17. Kb1 Bg7 18. h5 Qxc5 19. Nxe6 fxe6 20. Qxe6+ Kf8
21. h6 Bh8 22. Bc4 Qc7 23. f3 Re8 24. Qd6+ Qxd6 25. Rxd6 g5 26. Rhd1 Bc8 27.
Bb5 1-0

[Event "SV Horst-Emscher 2 - SF Brackel 2"]
[Site "Verbandsklasse, Gruppe 2 2017"]
[Date "2018.02.04"]
[Round "6.2"]
[White "Tobczewski, Peter"]
[Black "Borchert, Louis"]
[Result "1/2-1/2"]
[WhiteElo "1866"]
[BlackElo "1960"]
[Annotator "Daniel"]
[PlyCount "74"]
[EventDate "2018.??.??"]

1. e4 e5 2. Nf3 Nc6 3. d4 exd4 4. Nxd4 g6 5. Bc4 Bg7 6. Nxc6 bxc6 7. O-O d6 8.
Nc3 Nf6 9. e5 dxe5 10. Qxd8+ Kxd8 11. Bxf7 Ke7 12. Bb3 Bf5 13. Be3 Ne4 14. Nxe4
Bxe4 15. Rad1 Bf5 16. Rd2 Rhd8 17. Rfd1 Rxd2 18. Rxd2 a6 19. f3 Rb8 20. c3 Be6
21. Bg5+ Bf6 22. Bxf6+ Kxf6 23. Bxe6 Kxe6 24. Kf2 Rb5 25. Ke3 Rd5 $11 26. c4
Rd6 27. Rd3 Rxd3+ 28. Kxd3 c5 29. Ke4 Kd6 30. h4 Ke6 31. g3 c6 32. a3 Kf6 33.
Kd3 Ke6 34. Kc3 Kf5 35. Kd3 Ke6 36. Ke4 Kf6 37. g4 Ke6 1/2-1/2

[Event "SV Horst-Emscher 2 - SF Brackel 2"]
[Site "Verbandsklasse, Gruppe 2 2017"]
[Date "2018.02.04"]
[Round "6.3"]
[White "Althoff, Ralph"]
[Black "Eckardt, Samuel"]
[Result "1-0"]
[WhiteElo "2034"]
[BlackElo "1799"]
[PlyCount "61"]
[EventDate "2018.??.??"]

1. d4 Nf6 2. Nf3 d5 3. Bf4 e6 4. e3 Bd6 5. Bg3 O-O 6. Bd3 Re8 7. Nbd2 Nbd7 8.
Ne5 Nf8 9. O-O N6d7 10. Qh5 Nxe5 11. dxe5 Be7 12. Nf3 c5 13. Rfd1 c4 14. Bxc4
Qb6 15. Bb3 a5 16. Rd4 Bd7 17. a4 f5 18. exf6 Bxf6 19. Be5 Bxe5 20. Nxe5 Re7
21. Rad1 Be8 22. Qg5 Qc7 23. e4 dxe4 24. Rxe4 b5 25. axb5 Bxb5 26. Nf3 Bc6 27.
Rc4 Qb7 28. Rxc6 Rd7 29. Rxe6 Rxd1+ 30. Re1+ Qxb3 31. cxb3 1-0

[Event "SV Horst-Emscher 2 - SF Brackel 2"]
[Site "Verbandsklasse, Gruppe 2 2017"]
[Date "2018.02.04"]
[Round "6.4"]
[White "Hiebsch, Catalina"]
[Black "Schwiddessen, Jan"]
[Result "0-1"]
[WhiteElo "1798"]
[BlackElo "1900"]
[PlyCount "53"]
[EventDate "2018.??.??"]

1. e4 c5 2. Nf3 d6 3. d4 cxd4 4. Nxd4 Nf6 5. Nc3 a6 6. Be2 e5 7. Nb3 Be7 8. O-O
O-O 9. Be3 Nbd7 10. f3 b5 11. Nd5 Nxd5 12. Qxd5 Nb6 13. Qc6 Rb8 14. Rfd1 Na4
15. Nc5 Nxb2 16. Rd2 Rb6 17. Qa8 Qc7 18. Nxa6 Rxa6 19. Qd5 Nc4 20. Bxc4 Qxc4
21. Qxc4 bxc4 22. c3 Ra3 23. Rc2 f5 24. Rb1 fxe4 25. fxe4 d5 26. Rb5 d4 27. Bd2
0-1

[Event "SV Horst-Emscher 2 - SF Brackel 2"]
[Site "Verbandsklasse, Gruppe 2 2017"]
[Date "2018.02.04"]
[Round "6.5"]
[White "Bense, Dirk"]
[Black "Verfuerth, Christian"]
[Result "1-0"]
[WhiteElo "1914"]
[BlackElo "1877"]
[PlyCount "45"]
[EventDate "2018.??.??"]

1. e4 e6 2. d4 d5 3. Nc3 Bb4 4. e5 c5 5. a3 Bxc3+ 6. bxc3 Qa5 7. Bd2 Qa4 8. Qb1
c4 9. Nh3 Ne7 10. Be2 Nbc6 11. O-O O-O 12. Bg5 Qa5 13. Qe1 Bd7 14. Qd2 Qc7 15.
Nf4 h6 16. Nh5 hxg5 17. Qxg5 Ng6 18. f4 Qd8 19. Nf6+ gxf6 20. exf6 Nb8 21. Rf3
Be8 22. Rh3 Nd7 23. Rh8+ 1-0

[Event "SV Horst-Emscher 2 - SF Brackel 2"]
[Site "Verbandsklasse, Gruppe 2 2017"]
[Date "2018.02.04"]
[Round "6.7"]
[White "Strathoff, Dirk"]
[Black "Rebentisch, Sebastian"]
[Result "1-0"]
[WhiteElo "1905"]
[BlackElo "1806"]
[PlyCount "133"]
[EventDate "2018.??.??"]

1. c4 e5 2. Nc3 Nc6 3. Nf3 d6 4. d4 exd4 5. Nxd4 Nf6 6. g3 Bd7 7. Bg2 g6 8. Bg5
h6 9. Be3 Bg7 10. h3 O-O 11. Qd2 Kh7 12. O-O Re8 13. Rae1 Nxd4 14. Bxd4 c6 15.
Rd1 Be6 16. b3 d5 17. cxd5 Nxd5 18. Bxg7 Kxg7 19. Ne4 Qe7 20. Qb2+ Nf6 21. Rd2
Bd5 22. Nxf6 Qxf6 23. Qxf6+ Kxf6 24. Bxd5 cxd5 25. Rc1 Re7 26. e3 Rd8 27. Rc5
Ke6 28. Kg2 Red7 29. Rd4 Rd6 30. Rc2 Rc6 31. Rcd2 Rd7 32. Kf3 Ke5 33. h4 f5 34.
g4 Rf6 35. Kg3 fxg4 36. Kxg4 Rff7 37. f4+ Ke6 38. h5 Rg7 39. hxg6 Rxg6+ 40. Kf3
Rgg7 41. Rh2 Rg6 42. Rh5 Rf6 43. Re5+ Kf7 44. Rexd5 Rxd5 45. Rxd5 Ke6 46. Rh5
Kf7 47. Rc5 Kg6 48. Rc7 Ra6 49. Rxb7 Rxa2 50. Ke4 h5 51. Rd7 h4 52. f5+ Kg5 53.
Rg7+ Kf6 54. Rg6+ Kf7 55. Rh6 Rb2 56. Rxh4 Rxb3 57. Rh7+ Kf6 58. Rh6+ Kg7 59.
Ra6 Rb7 60. Kf4 Kf7 61. e4 Ke7 62. Kg5 Kf8 63. e5 Rb5 64. e6 Rb7 65. Kf6 Ke8
66. Rc6 Kd8 67. e7+ 1-0

[Event "SV Horst-Emscher 2 - SF Brackel 2"]
[Site "Verbandsklasse, Gruppe 2 2017"]
[Date "2018.02.04"]
[Round "6.8"]
[White "Renn, Thorsten"]
[Black "Blokisch, Till"]
[Result "1/2-1/2"]
[WhiteElo "1766"]
[BlackElo "1875"]
[PlyCount "78"]
[EventDate "2018.??.??"]

1. e4 e5 2. f4 d5 3. exd5 exf4 4. Nf3 c6 5. dxc6 Nxc6 6. d4 Bd6 7. Nc3 Nf6 8.
Bb5 O-O 9. O-O Bg4 10. Ne2 Nh5 11. c3 Ne7 12. Bd3 Ng6 13. Qc2 Re8 14. Ne5 Nxe5
15. dxe5 Bc5+ 16. Kh1 Ng3+ 17. Nxg3 fxg3 18. Bxh7+ Kh8 19. Bf5 Qh4 20. h3 Bh5
21. Qe4 Qxe4 22. Bxe4 Bf2 23. Bf3 Rxe5 24. Bf4 Rf5 25. Bxb7 Rxf4 26. Bxa8 g5
27. Rac1 Be2 28. Rfe1 Bxe1 29. Rxe1 Bc4 30. b3 Be6 31. Kg1 Rf2 32. Re3 Rxa2 33.
Rxg3 Bxb3 34. Rxg5 a5 35. Bd5 a4 36. Bxb3 axb3 37. Rb5 b2 38. Kh2 Ra3 39. Rxb2
Rxc3 1/2-1/2

[Event "SV Unser Fritz 1 - SV Bochum-Linden 1"]
[Site "Verbandsklasse, Gruppe 3 2017"]
[Date "2018.02.04"]
[Round "6.1"]
[White "Hahn, Matthias"]
[Black "Singbeil, Holger"]
[Result "1-0"]
[WhiteElo "2065"]
[BlackElo "1985"]
[PlyCount "21"]
[EventDate "2018.??.??"]

1. d4 Nf6 2. Nf3 c5 3. c3 b6 4. dxc5 bxc5 5. e4 Bb7 6. e5 Nd5 7. Bd3 g6 8. Be4
e6 9. c4 Qa5+ 10. Qd2 Qxd2+ 11. Bxd2 1-0

[Event "SV Unser Fritz 1 - SV Bochum-Linden 1"]
[Site "Verbandsklasse, Gruppe 3 2017"]
[Date "2018.02.04"]
[Round "6.2"]
[White "Mueller, Martin"]
[Black "Boehm, Ingo"]
[Result "1-0"]
[WhiteElo "2033"]
[BlackElo "2066"]
[PlyCount "103"]
[EventDate "2018.??.??"]

1. e4 c6 2. d4 d5 3. exd5 cxd5 4. c4 Nf6 5. Nc3 g6 6. cxd5 Bg7 7. Bc4 O-O 8.
Nge2 Na6 9. O-O Nc7 10. d6 Qxd6 11. Bf4 Qd7 12. Qb3 b6 13. Rad1 Bb7 14. d5 Nh5
15. Bg5 Qd6 16. Rfe1 h6 17. Be3 Rac8 18. Nd4 Nf6 19. Nde2 Qd7 20. f3 Nfe8 21.
Nf4 Nd6 22. Bd3 Na6 23. Bb1 Nf5 24. Bf2 Nc5 25. Qb4 Nd6 26. Bd4 a5 27. Qxb6 Nc4
28. Qb5 Qxb5 29. Nxb5 Nxb2 30. Bxg7 Kxg7 31. Rc1 Kf6 32. d6 e5 33. Nc7 Nba4 34.
Nd3 Nd7 35. Nf2 h5 36. Be4 Nac5 37. Rb1 Rb8 38. Bxb7 Rxb7 39. Ne4+ Kf5 40. Rxb7
Nxb7 41. Rb1 Nd8 42. Rb5 Nc6 43. Nc5 Rd8 44. Nb7 Rb8 45. Na6 Ra8 46. Nac5 Nd4
47. Nxd7 Nxb5 48. Nb6 Rb8 49. d7 Ke6 50. d8=Q Rxd8 51. Nxd8+ Kd6 52. Nc4+ 1-0

[Event "SV Unser Fritz 1 - SV Bochum-Linden 1"]
[Site "Verbandsklasse, Gruppe 3 2017"]
[Date "2018.02.04"]
[Round "6.3"]
[White "Schreck, Roland"]
[Black "Jungbluth, Michael"]
[Result "1-0"]
[WhiteElo "2111"]
[BlackElo "1856"]
[PlyCount "39"]
[EventDate "2018.??.??"]

1. e4 d6 2. Nc3 Nf6 3. g3 g6 4. Bg2 Bg7 5. d4 O-O 6. h3 Nbd7 7. Nge2 c5 8. O-O
Rb8 9. Be3 b5 10. e5 Ne8 11. dxc5 dxc5 12. Bxc5 a6 13. f4 b4 14. Ne4 Bb7 15.
Ba7 Rc8 16. Bf2 Qc7 17. c3 f5 18. Ng5 Bxg2 19. Kxg2 Rd8 20. Qd5+ 1-0

[Event "SV Unser Fritz 1 - SV Bochum-Linden 1"]
[Site "Verbandsklasse, Gruppe 3 2017"]
[Date "2018.02.04"]
[Round "6.4"]
[White "Mikulski, Georg"]
[Black "Hochstein, Udo"]
[Result "1/2-1/2"]
[WhiteElo "1908"]
[BlackElo "1876"]
[PlyCount "61"]
[EventDate "2018.??.??"]

1. e4 c5 2. Nf3 e6 3. d4 cxd4 4. Nxd4 Nf6 5. Nc3 d6 6. Bg5 Be7 7. Qd2 O-O 8. f3
a6 9. O-O-O Bd7 10. Kb1 b5 11. g4 b4 12. Bxf6 Bxf6 13. Nce2 a5 14. Ng3 Na6 15.
Nh5 Nc5 16. Nxf6+ Qxf6 17. g5 Qe7 18. h4 Rfd8 19. h5 Rab8 20. g6 fxg6 21. hxg6
h6 22. Bc4 Kf8 23. Rdg1 Qf6 24. Nb3 Bb5 25. Rg4 Ke7 26. Bxb5 Rxb5 27. Nd4 Rb6
28. Rhg1 Rf8 29. Rd1 Rd8 30. Rdg1 Rf8 31. Rd1 1/2-1/2

[Event "SV Unser Fritz 1 - SV Bochum-Linden 1"]
[Site "Verbandsklasse, Gruppe 3 2017"]
[Date "2018.02.04"]
[Round "6.5"]
[White "Pappert, Thomas"]
[Black "Distelrath, Oliver"]
[Result "1-0"]
[WhiteElo "1750"]
[BlackElo "1892"]
[PlyCount "97"]
[EventDate "2018.??.??"]

1. c4 e5 2. Nc3 Nc6 3. e4 Bc5 4. Nf3 d6 5. g3 Bg4 6. Bg2 Nd4 7. Nd5 c6 8. Ne3
Bh5 9. g4 Bg6 10. d3 Nf6 11. h3 Ne6 12. Nf5 Qa5+ 13. Bd2 Qb6 14. O-O Bxf5 15.
exf5 Nd4 16. b4 Nxf3+ 17. Qxf3 Bd4 18. Rab1 Rb8 19. a4 Qc7 20. a5 Nd7 21. g5 f6
22. h4 Ke7 23. Rfe1 fxg5 24. hxg5 Rhf8 25. Qe4 Kf7 26. Qh4 Rh8 27. Be4 g6 28.
f6 Nf8 29. Kg2 Qd7 30. Bf3 d5 31. Bg4 Qd6 32. f4 Re8 33. Qh6 Rg8 34. f5 dxc4
35. fxg6+ hxg6 36. Qh3 Qd5+ 37. Bf3 Qd6 38. dxc4 Qe6 39. Qxe6+ Nxe6 40. Be4 Rh8
41. Rh1 a6 42. Kf3 Rd8 43. b5 axb5 44. cxb5 cxb5 45. Rxh8 Rxh8 46. Rxb5 Nc5 47.
Bb4 Rh3+ 48. Kg4 Re3 49. Bd5+ 1-0